000 00531nam a2200205Ia 4500
003 BUBTL
008 151213s9999 xx 000 0 und d
082 _a364/PAC
100 _aPranjape, N.V.
_94187
245 _aCriminology & Penology
_cN.V.Pranjape
250 _a12th
260 _aAllahabad
_bCentral Law Publications
_cc2005
300 _a652 p . :
_c22 cm.
650 _aLaw
650 _aLaw
_94188
700 _aN.V.Pranjape
_94189
856 _k0
_l0
_yDownload
942 _2ddc
_cBK
999 _c3664
_d3664